| 000 | 00453nam a2200169Ia 4500 | ||
|---|---|---|---|
| 001 | 35874 | ||
| 003 | IN-NITTTR | ||
| 005 | 20251114233434.0 | ||
| 008 | 251113s9999||||xx |||||||||||||| ||eng|| | ||
| 040 | _beng | ||
| 040 | _cIN-NITTTR | ||
| 041 | _aeng | ||
| 082 | _aQ342 | ||
| 100 | _aAbbass, Hussein A. | ||
| 245 | 0 |
_aComputational Red Teaming : _b Risk Analytics of Big-Data-to-Decisions Intelligent Systems / _cAbbass, Hussein A. |
|
| 942 |
_2ddc _cBK |
||
| 999 |
_c35358 _d35358 |
||